| 000 | 00519nam a2200181Ia 4500 | ||
|---|---|---|---|
| 001 | 20510 | ||
| 005 | 20260306172811.0 | ||
| 008 | 260306t2002||||xx |||||||||||||| ||spa|| | ||
| 041 | _aESP | ||
| 082 |
_a344.334 _bD44 |
||
| 100 |
_aPerú. Defensoría del Pueblo _eAUT |
||
| 245 | 0 | _aEl derecho a la vida y a la integridad personal en el marco de la prestación del servicio militar en el Perú | |
| 260 | _c2002 | ||
| 300 |
_a151 páginas : _c24 cm. |
||
| 650 | _aGEN | ||
| 654 | _aCDE | ||
| 942 |
_cLIB _dJUS _fJUS _2ddc _n |
||
| 999 |
_c20510 _d20510 |
||